000 00830nam a22002657a 4500
999 _c12937
_d12937
003 MX-JoTES
005 20260304173657.0
008 260304b xxu||||| |||| 00| 0 eng d
020 _a9786071729606
040 _aUNAMX
_bspa
_cMX-JoTES
_erda
050 _aG155.8M4
_b A34 2017
100 1 _aAcerenza, Miguel Angel,
_eautor
245 1 0 _aConceptualización, origen y evolución del turismo /
_cMiguel Ángel Acerenza
250 _aTercera edición
264 1 _aCiudad de México :
_b Editorial Trillas,
_c 2017
300 _a 125 páginas :
_bilustraciones
336 _2rdacontent
_a texto
337 _2rdamedia
_asin medio
338 _2 rdacarrier
_avolumen
490 0 _aTrillas turismo
541 _aCompra
_h 169.15
591 _aC011
650 4 _aTurismo
_x Estudio y enseñanza
_z México
650 4 _aTurismo